000 00536nam a2200193Ia 4500
003 OSt
005 20250917165152.0
008 210210b1984 xxu||||| |||| 00| 0 eng d
040 _cAL
041 _aKannada
082 _aK894.3 TALM
100 _aTALTAJE VASANTA KUMARA.
_dತಾಳ್ತಜೆ ವಸಂತ ಕುಮಾರ
_9239212
245 _aMarichike.
_bಮರೀಚಿಕೆ
260 _aPutturu
_bShobha Prakashana
_c1984
300 _avi,108
690 _aKannada Fiction
_9239213
906 _aSG02899
942 _2ddc
_cSG
999 _c113686
_d113686